| 000 | 00633nam a2200241 a 4500 | ||
|---|---|---|---|
| 999 |
_c4957 _d4957 |
||
| 001 | 4957 | ||
| 003 | BD-JhCC | ||
| 005 | 20171205195247.0 | ||
| 008 | 171205s1961 n |||| ||| 001 0 eng d | ||
| 035 | _a(BD-JhCC)4957 | ||
| 040 |
_aBD-JhCC _dBD-JhCC |
||
| 041 | _aeng | ||
| 082 |
_a928.1 _bSTE 1961 |
||
| 100 | _aStevenson, Elizabeth | ||
| 245 |
_aHenry Adams : _bA Biography / _cElizabeth Stevenson |
||
| 260 |
_aNew York : _bCollier Books, _c1961. |
||
| 300 |
_a410 p. : _c18 cm. |
||
| 500 | _aIncludes Index. | ||
| 600 |
_aAdams, Henry _d1838-1918 |
||
| 650 |
_aHistorians _zUnited States |
||
| 942 |
_2ddc _cBK |
||